000 00596nam a2200121Ia 4500
008 220620s9999||||xx |||||||||||||| ||und||
100 _aGeuijen, Karin||'t Hart, Paul||Princen, Sebastiaan||Yesilkagit, Kutsal
245 4 _aThe New Eurocrats
_bNational Civil Servants in EU Policymaking
546 _aEnglish[eng]
650 _apopular science||wetenschap algemeen
856 _uhttps://library.oapen.org/bitstream/20.500.12657/35228/1/340102.pdf||https://library.oapen.org/bitstream/20.500.12657/35228/1/340102.pdf||https://library.oapen.org/bitstream/20.500.12657/35228/1/340102.pdf
942 _cEB
999 _c25446
_d25446